Hazbin Hotel - Once we get up there Lyrics - Statistics

General Stats
  • This quiz has been taken 121 times
  • The average score is 191 of 264
Answer Stats
Answer % Correct
on
100%
Once
98%
once
98%
we
98%
get
97%
the
97%
there
97%
up
97%
A
95%
a
95%
I
95%
to
95%
To
95%
an
94%
and
92%
And
92%
me
90%
is
89%
No
89%
you
89%
it
87%
be
86%
Heaven
86%
not
86%
what
86%
in
84%
It's
84%
make
84%
angel
83%
for
83%
For
83%
like
83%
that
83%
That
83%
who
83%
could
81%
of
81%
so
81%
with
81%
With
81%
their
79%
then
79%
your
79%
new
78%
us
78%
We're
78%
we're
78%
all
76%
can
76%
gates
76%
ones ?
76%
wet
76%
Even
75%
my
75%
our
75%
those
75%
come
73%
'em
73%
every
73%
true
73%
dreams
71%
Hell
71%
land
71%
pay
71%
wings
71%
charge
70%
label
70%
way
70%
God
68%
look
68%
pearlier
68%
promised
68%
We'll
68%
would
68%
are
67%
'bout
67%
dresses !
67%
How
67%
showed
67%
souls
67%
Think
67%
throne
67%
tower
67%
Yeah
67%
management
65%
princess
65%
take
65%
time
65%
too !
65%
angelic
63%
best
63%
dumb
63%
own
63%
trinity
63%
upgrade
63%
Bet
62%
can't
62%
command
62%
days
62%
fish
62%
pack
62%
powerful
62%
redecorate
62%
They
62%
what's
62%
What's
62%
biggest
60%
but
60%
control
60%
done
60%
hundred
60%
Imagine
60%
sluts
60%
Yes !
60%
billion
59%
have
59%
rule
59%
total
59%
unholy
59%
bowl ?
57%
cabronas
57%
enable
57%
kingdom
57%
doubted
56%
everyone
56%
haloed
56%
let's
56%
realm
56%
wait
56%
await
54%
gods
54%
I'll
54%
overlord
54%
say
54%
doubting
52%
fun
52%
hot
52%
just
52%
off
52%
Tear
52%
piety
51%
snag
51%
You'll
51%
both
49%
shinning
49%
end
48%
tortured
48%
heavenly
46%
more
46%
none
46%
growth
43%
trapped
43%
bows
41%
deity ?
41%
They're
41%
'em
40%
got
40%
as
38%
cornered
38%
fucked !
38%
golden
38%
host
38%
paradise
38%
ain't
37%
nice
37%
petty
37%
dead
33%
price
33%
squabbles
33%
It'll
32%
they'll
32%
promenade
30%
stroll
29%
prayer
27%
sky
27%
splash
27%
vice
27%
high
25%
from
24%
No matching quizzes found
Score Distribution
Percent of People with Each Score
Percentile by Number Answered
Your Score History
You have not taken this quiz